000 00315nam a2200133Ia 4500
005 20251222143249.0
008 251222s9999||||xx |||||||||||||| ||spa||
020 _a978-612-4031-89-2
082 _a371.307.8/C17
100 _aCalmels, Daniel
245 0 _aJuegos en El Papel:
264 _bCentauro
942 _cLIB
999 _c14892
_d14892